Mechanics of Materials (Record no. 27721)

MARC details
000 -LEADER
fixed length control field 00336nam a22001457a 4500
003 - CONTROL NUMBER IDENTIFIER
control field OSt
005 - DATE AND TIME OF LATEST TRANSACTION
control field 20220125101046.0
008 - FIXED-LENGTH DATA ELEMENTS--GENERAL INFORMATION
fixed length control field 220125b |||||||| |||| 00| 0 eng d
020 ## - INTERNATIONAL STANDARD BOOK NUMBER
International Standard Book Number 0471610526
040 ## - CATALOGING SOURCE
Transcribing agency HU
082 ## - DEWEY DECIMAL CLASSIFICATION NUMBER
Edition number 4th
Classification number 620.112
100 ## - MAIN ENTRY--PERSONAL NAME
Personal name Higdon. Ohlsen.
9 (RLIN) 28509
245 ## - TITLE STATEMENT
Title Mechanics of Materials
942 ## - ADDED ENTRY ELEMENTS (KOHA)
Source of classification or shelving scheme Dewey Decimal Classification
Koha item type Books like text book referance book
Suppress in OPAC No
Holdings
Withdrawn status Lost status Source of classification or shelving scheme Damaged status Not for loan Home library Current library Shelving location Date acquired Full call number Barcode Date last seen Copy number Price effective from Koha item type Total Checkouts
    Dewey Decimal Classification     IoT Library IoT Library General Stacks 01/25/2022 620.112HIG/1960 IOTL0006462 01/25/2022 1 01/25/2022 Books like text book referance book  
    Dewey Decimal Classification     IoT Library IoT Library General Stacks 01/25/2022 620.112-HIG-1960 IOTL0006463 01/25/2022 2 01/25/2022 Books like text book referance book  
    Dewey Decimal Classification     IoT Library IoT Library General Stacks 01/25/2022 620.112-HIG-1960 IOTL0006464 01/25/2022 3 01/25/2022 Books like text book referance book  
    Dewey Decimal Classification     IoT Library IoT Library General Stacks 01/25/2022 620.112-HIG-1960 IOTL0006465 01/25/2022 4 01/25/2022 Books like text book referance book  
    Dewey Decimal Classification     IoT Library IoT Library General Stacks 01/25/2022 620.112-HIG-1960 IOTL0006466 01/25/2022 5 01/25/2022 Books like text book referance book  
    Dewey Decimal Classification     IoT Library IoT Library General Stacks 03/10/2022 620.112HIG/1960 IOTL0016473 03/10/2022 6 03/10/2022 Books like text book referance book  
    Dewey Decimal Classification     IoT Library IoT Library General Stacks 03/10/2022 620.112HIG/1960 IOTL0016474 03/10/2022 7 03/10/2022 Books like text book referance book